000 00320nam a22001217a 4500
999 _c4724
_d4724
008 250312b ||||| |||| 00| 0 eng d
020 _a9780008652067
082 _a930 NAT
100 _aNATIONAL GEOGRAPHIC
_eAUTHOR
245 _aHISTORY
260 _aWESTERHILL ROAD BISHOP BRIGGS,GLASGLOW G64 2QT
_bCOLLINS
942 _2ddc